000 00437nam a2200169 a 4500
001 0000-9390
003 ELIB.Books
008 110520 1974
035 _a(ELIB.Books)0000-9542
082 _a269
_bRav
100 _aRavenhill, Leonard
245 _aWhy Revival Torries
260 _bMinneapolis: Bethany House Publishers
_c1974
650 _aSpiritual Renewal
942 _2ddc
_cBK
998 _cbat
_e2011-05-20
999 _c9390
_d9390